000
00209nam a2200097Ia 4500
008
220204s9999 xx 000 0 und d
082
_a
82-3
_b
JON
100
_a
Robin
245
0
_a
Lord of the dance
942
_c
BK
999
_c
37845
_d
37845